<?xml version="1.0" encoding="UTF-8"?>
<record
    xmlns:xsi="http://www.w3.org/2001/XMLSchema-instance"
    xsi:schemaLocation="http://www.loc.gov/MARC21/slim http://www.loc.gov/standards/marcxml/schema/MARC21slim.xsd"
    xmlns="http://www.loc.gov/MARC21/slim">

  <leader>00425nam a22001457a 4500</leader>
  <datafield tag="999" ind1=" " ind2=" ">
    <subfield code="c">30580</subfield>
    <subfield code="d">30580</subfield>
  </datafield>
  <controlfield tag="008">191112b           ||||| |||| 00| 0 eng d</controlfield>
  <datafield tag="020" ind1=" " ind2=" ">
    <subfield code="a">9789966460332</subfield>
  </datafield>
  <datafield tag="050" ind1=" " ind2=" ">
    <subfield code="a">PZ 4 .M83 2015</subfield>
  </datafield>
  <datafield tag="100" ind1=" " ind2=" ">
    <subfield code="a">Mwangi, Meja.</subfield>
  </datafield>
  <datafield tag="245" ind1=" " ind2=" ">
    <subfield code="a">Kill me quick/</subfield>
    <subfield code="c">Meja Mwangi.</subfield>
  </datafield>
  <datafield tag="260" ind1=" " ind2=" ">
    <subfield code="a">Nairobi;</subfield>
    <subfield code="b">E.A.E.P</subfield>
    <subfield code="c">2015.</subfield>
  </datafield>
  <datafield tag="300" ind1=" " ind2=" ">
    <subfield code="a">170p.:</subfield>
    <subfield code="c">20 cm.</subfield>
  </datafield>
  <datafield tag="650" ind1=" " ind2=" ">
    <subfield code="a">African fiction</subfield>
    <subfield code="v">English.</subfield>
  </datafield>
  <datafield tag="942" ind1=" " ind2=" ">
    <subfield code="2">lcc</subfield>
    <subfield code="c">SH_L_BOOKS</subfield>
    <subfield code="h">PZ 4 .M83 2015</subfield>
  </datafield>
  <datafield tag="952" ind1=" " ind2=" ">
    <subfield code="0">0</subfield>
    <subfield code="1">0</subfield>
    <subfield code="2">lcc</subfield>
    <subfield code="4">0</subfield>
    <subfield code="7">0</subfield>
    <subfield code="a">MUC</subfield>
    <subfield code="b">MUC</subfield>
    <subfield code="c">AFR</subfield>
    <subfield code="d">2019-11-12</subfield>
    <subfield code="e">Purchase</subfield>
    <subfield code="g">487.00</subfield>
    <subfield code="l">2</subfield>
    <subfield code="o">PZ 4 .M83 2015</subfield>
    <subfield code="p">23131</subfield>
    <subfield code="r">2022-10-07</subfield>
    <subfield code="s">2022-10-07</subfield>
    <subfield code="w">2019-11-12</subfield>
    <subfield code="y">SH_L_BOOKS</subfield>
  </datafield>
  <datafield tag="952" ind1=" " ind2=" ">
    <subfield code="0">0</subfield>
    <subfield code="1">0</subfield>
    <subfield code="2">lcc</subfield>
    <subfield code="4">0</subfield>
    <subfield code="7">0</subfield>
    <subfield code="a">MUC</subfield>
    <subfield code="b">MUC</subfield>
    <subfield code="c">AFR</subfield>
    <subfield code="d">2019-11-12</subfield>
    <subfield code="e">Purchase</subfield>
    <subfield code="g">487.00</subfield>
    <subfield code="l">3</subfield>
    <subfield code="o">PZ 4 .M83 2015</subfield>
    <subfield code="p">23133</subfield>
    <subfield code="r">2024-05-20</subfield>
    <subfield code="s">2023-01-25</subfield>
    <subfield code="w">2019-11-12</subfield>
    <subfield code="y">SH_L_BOOKS</subfield>
  </datafield>
  <datafield tag="952" ind1=" " ind2=" ">
    <subfield code="0">0</subfield>
    <subfield code="1">0</subfield>
    <subfield code="2">lcc</subfield>
    <subfield code="4">0</subfield>
    <subfield code="7">0</subfield>
    <subfield code="a">MUC</subfield>
    <subfield code="b">MUC</subfield>
    <subfield code="c">AFR</subfield>
    <subfield code="d">2019-11-12</subfield>
    <subfield code="e">Purchase</subfield>
    <subfield code="g">487.00</subfield>
    <subfield code="l">6</subfield>
    <subfield code="o">PZ 4 .M83 2015</subfield>
    <subfield code="p">23132</subfield>
    <subfield code="r">2023-01-26</subfield>
    <subfield code="s">2023-01-26</subfield>
    <subfield code="w">2019-11-12</subfield>
    <subfield code="y">SH_L_BOOKS</subfield>
  </datafield>
</record>
